000 00563nam a2200181 i 4500
001 26067
003 ES-MaACL
005 20230906153400.0
007 t|
008 030107s1960 sp ||||1| spa d
100 1 _aArneldsson, Sverker.
_923085
245 1 3 _aLa conquista española de América /
_cpor Sverker Arneldsson.
260 _aMadrid :
_bInsula,
_c1960.
300 _a75 p. ;
_c21 cm.
500 _aPrecede a tít.: Instituto Ibero-Americano. Gotemburgo. Suecia.
710 2 _aInstituto Ibero-Americano.
_95088
852 _aES-MaACL
_jC-21170
_bR.48835
999 _c26067
_d26067